000 00474nab a2200145Ia 4500
003 ES-SlBCS
005 20210601125255.0
008 140529s1991 xxu||||| |||| 00| 0 eng d
041 _aeng
100 1 _aJuarrero Roqué, Alicia
_9156216
245 0 0 _aLanguage Competence and Tradition-constituted Rationality
_c Alicia Juarrero Roqué
650 0 4 _aLenguaje
_91761
773 0 _tPhilosophy and Phenomenological Research
_gvol. 51, 1991, págs. 611-617
_wRev1411
942 _cAR
999 _c527646
_d527646